| 000 | 00527nam a2200181Ia 4500 | ||
|---|---|---|---|
| 008 | 240925s9999 xx 000 0 und d | ||
| 020 | _a201887959 | ||
| 082 | _a005.73 FEL | ||
| 100 | _aFeldman ,Michael B. | ||
| 245 | 0 | _aSoftware construction and data structures with Ada 95 | |
| 250 | _aNA | ||
| 260 |
_aBoston: _bAddison - Wesley _c,1997. |
||
| 300 |
_axxvi,689p. _bNA _fOriginal |
||
| 500 | _aIncludes Index | ||
| 600 | _aEngineering Technology | ||
| 650 | _aComputer science, information & general works | ||
| 942 | _cBK | ||
| 999 |
_c5039 _d5039 |
||